000 00756nam a22002537i 4500
003 DO-SdBNP
005 20240410133239.0
007 ta
008 240410b2023 dr ||||| |||| 00| 0 spa d
020 _a9789945183160
040 _aDO-SdBNP
_bspa
_cBNPHU
_erda
082 4 _222
100 _aQuezada, Lonni,
_d1986-
_978875
_eautor
245 1 0 _aCamila /
_cLonni Quezada.
264 _aSanto Domingo :
_bEditorial Quezada Libros,
_c2023.
300 _a186 páginas
_c23 cm.
336 _2rdacontent
_atexto
_btxt
337 _2rdamedia
_asin mediación
_bn
338 _2rdacarrier
_avolumen
_bnc
500 _aIncluye datos biográficos del autor en la solapa de la cubierta.
590 _aInventariado, 2024 /LP
910 _aLP
942 _2ddc
_cLBS1
999 _c56323
_d56323